Представление документа в формате MARC21

Поле Инд. ПП Название Значение
Тип записи a
Библиографический уровень b
001 Контрольный номер RU/IS/BASE/185553058
005 Дата корректировки 20210111153434.9
008 Кодируемые данные 20051117
084 a Индекс другой классификации/Индекс ББК 88.9; 60.955; 60.953.7
100 1_ a Автор Горева С. В.
q Полное имя Горева Светлана Викторовна
245 10 a Заглавие Опыт Красноярского социально-реабилитационного центра для несовершеннолетних по повышению квалификации сотрудников
650 04 a Основная рубрика практическая психология (прикладная психология)
a Основная рубрика психология
a Основная рубрика социальная работа
653 0_ a Ключевые слова Красноярск
a Ключевые слова повышение квалификации специалистов
a Ключевые слова подготовка специалистов
a Ключевые слова психология профессий
a Ключевые слова психосоциальная коррекция
a Ключевые слова работа с несовершеннолетними
a Ключевые слова регионы России
a Ключевые слова Россия
a Ключевые слова самообразование
a Ключевые слова социальная реабилитация
a Ключевые слова центры реабилитации
773 18 t Заглавие источника Вестник психосоциальной и коррекционно-реабилитационной работы
d Дата издания источника 2005
g Прочая информация № 3. - С. 3 - 8 : схем., табл.
w Контрольный № источника RU/IS/BASE/179497494
901 t Тип документа b